[Event "Winnipeg TNT March op"]
[Site "Winnipeg CAN"]
[Date "2008.03.25"]
[Round "4"]
[White "Rumpel, Chris"]
[Black "Liu, Weixi"]
[Result "0-1"]
[WhiteElo "1754"]
[BlackElo "1953"]
[PlyCount "56"]
[GameId "2160767910413342"]
[EventDate "2008.03.04"]
[EventType "swiss"]
[EventRounds "4"]
[EventCountry "CAN"]
[SourceTitle "EXT 2011"]
[Source "ChessBase"]
[SourceDate "2011.11.26"]
[SourceVersion "1"]
[SourceVersionDate "2011.11.26"]
[SourceQuality "1"]

1. d4 d5 2. c4 c6 3. Nc3 Nf6 4. Nf3 e6 5. cxd5 exd5 6. Bg5 Be7 7. e3 Bg4 8. Bd3 Nbd7 9. O-O h6 10. Bh4 O-O 11. h3 Bh5 12. g4 Bg6 13. Bxg6 fxg6 14. Ne5 Nxe5 15. dxe5 Ne4 16. Bxe7 Qxe7 17. Qd4 Ng5 18. f4 Ne6 19. Qd1 Qc5 20. Kh2 Qxe3 21. Rf3 Qb6 22. Qd2 Rxf4 23. Rxf4 Nxf4 24. Na4 Qb5 25. Nc3 Qb6 26. Na4 Qa6 27. Qxf4 Rf8 28. Qg3 Qxa4 0-1

[Event "Winnipeg TNT March op"]
[Site "Winnipeg CAN"]
[Date "2008.03.25"]
[Round "4"]
[White "Rutter, Blair"]
[Black "Silva, T Romero"]
[Result "1-0"]
[WhiteElo "1831"]
[BlackElo "1773"]
[PlyCount "67"]
[GameId "2160767910413343"]
[EventDate "2008.03.04"]
[EventType "swiss"]
[EventRounds "4"]
[EventCountry "CAN"]
[SourceTitle "EXT 2011"]
[Source "ChessBase"]
[SourceDate "2011.11.26"]
[SourceVersion "1"]
[SourceVersionDate "2011.11.26"]
[SourceQuality "1"]

1. c4 c5 2. g3 g6 3. Bg2 Bg7 4. Nc3 Nc6 5. e4 d6 6. Nge2 Nf6 7. O-O O-O 8. d3 Bg4 9. f3 Bd7 10. Be3 a6 11. Qd2 Re8 12. h3 Rb8 13. Rf2 e6 14. Raf1 b5 15. b3 Nh5 16. f4 b4 17. Nd1 Nd4 18. Kh2 Nxe2 19. Rxe2 Bc6 20. Nf2 a5 21. d4 cxd4 22. Bxd4 Bxd4 23. Qxd4 e5 24. fxe5 dxe5 25. Qe3 Rb7 26. Ng4 Bd7 27. Nh6+ Kh8 28. Nxf7+ Kg7 29. Nxd8 Rxd8 30. Qc5 Re8 31. Ref2 Bc8 32. Rf8 Rbe7 33. Rxe8 Rxe8 34. Qxa5 1-0

[Event "Winnipeg TNT March op"]
[Site "Winnipeg CAN"]
[Date "2008.03.25"]
[Round "4"]
[White "Wasserman, Leor"]
[Black "Green, Jim"]
[Result "1/2-1/2"]
[WhiteElo "1464"]
[BlackElo "1667"]
[PlyCount "87"]
[GameId "2160767910413344"]
[EventDate "2008.03.04"]
[EventType "swiss"]
[EventRounds "4"]
[EventCountry "CAN"]
[SourceTitle "EXT 2011"]
[Source "ChessBase"]
[SourceDate "2011.11.26"]
[SourceVersion "1"]
[SourceVersionDate "2011.11.26"]
[SourceQuality "1"]

1. e4 d6 2. d4 Nf6 3. Nc3 c6 4. Nf3 Qa5 5. Bd2 Qb6 6. b3 Bg4 7. Be3 Qc7 8. Be2 e5 9. O-O Nbd7 10. Qd2 Be7 11. d5 O-O 12. Rfd1 Rfd8 13. h3 Bh5 14. Ne1 Bg6 15. f3 Nb6 16. a4 a5 17. Bf1 Nbd7 18. Qf2 Bf8 19. Rac1 Be7 20. Na2 Rf8 21. c4 Ne8 22. Nc3 f5 23. exf5 Bxf5 24. Bd3 Bxd3 25. Nxd3 Nef6 26. Qd2 Rf7 27. Ne4 Nxe4 28. fxe4 c5 29. Rf1 Nf6 30. Nf2 Raf8 31. Qc2 Qd8 32. Bd2 Nh5 33. Nd3 Rxf1+ 34. Rxf1 Rxf1+ 35. Kxf1 Ng3+ 36. Kg1 Nxe4 37. Be1 Nf6 38. Qc3 b6 39. Qc2 Qe8 40. Qe2 Qh5 41. Qxh5 Nxh5 42. Kf1 Kf7 43. Ke2 Nf6 44. Ke3 1/2-1/2

[Event "Winnipeg TNT March op"]
[Site "Winnipeg CAN"]
[Date "2008.03.25"]
[Round "4"]
[White "Wiebe, Daniel"]
[Black "Klusa, Mark"]
[Result "1-0"]
[WhiteElo "1873"]
[BlackElo "1384"]
[PlyCount "51"]
[GameId "2160767910413345"]
[EventDate "2008.03.04"]
[EventType "swiss"]
[EventRounds "4"]
[EventCountry "CAN"]
[SourceTitle "EXT 2011"]
[Source "ChessBase"]
[SourceDate "2011.11.26"]
[SourceVersion "1"]
[SourceVersionDate "2011.11.26"]
[SourceQuality "1"]

1. e4 d6 2. d4 g6 3. Nf3 Bg7 4. Bc4 Nf6 5. Nc3 Nc6 6. Be3 Ng4 7. Ng5 e6 8. Qxg4 d5 9. Bb5 Bd7 10. exd5 exd5 11. Qf3 Bf6 12. Bxc6 Bxc6 13. Nh3 O-O 14. Nf4 Re8 15. O-O-O Bg5 16. Nfxd5 Bxd5 17. Nxd5 Bxe3+ 18. fxe3 Re6 19. Rhf1 Qf8 20. Nf6+ Kg7 21. g4 Qe7 22. Nd5 Qd7 23. g5 c6 24. Nf6 Qe7 25. Qh3 Rh8 26. Qh6# 1-0

[Event "Winnipeg TNT May op"]
[Site "Winnipeg CAN"]
[Date "2008.05.06"]
[Round "1"]
[White "Babb, Jeff"]
[Black "Wierda, John"]
[Result "1-0"]
[WhiteElo "2172"]
[BlackElo "1716"]
[PlyCount "63"]
[GameId "2160767910350961"]
[EventDate "2008.05.06"]
[EventType "swiss"]
[EventRounds "4"]
[EventCountry "CAN"]
[SourceTitle "EXT 2011"]
[Source "ChessBase"]
[SourceDate "2011.11.26"]
[SourceVersion "1"]
[SourceVersionDate "2011.11.26"]
[SourceQuality "1"]

1. d4 Nf6 2. c4 c5 3. d5 d6 4. Nc3 g6 5. g3 Bg7 6. Bg2 O-O 7. Nf3 Bf5 8. Nd2 Na6 9. e4 Bg4 10. f3 Bd7 11. a3 Rb8 12. Nb5 Qb6 13. Nb3 Bxb5 14. cxb5 Qxb5 15. Bd2 b6 16. a4 Qd7 17. Qe2 Nc7 18. O-O e6 19. dxe6 Qxe6 20. Nc1 d5 21. Nd3 dxe4 22. fxe4 Rfe8 23. Nf4 Qe7 24. Rae1 Nfd5 25. exd5 Qxe2 26. Rxe2 Rxe2 27. Nxe2 Rd8 28. Bc3 Bxc3 29. Nxc3 a6 30. Rf6 b5 31. Rc6 b4 32. Rxc7 1-0

[Event "Winnipeg TNT May op"]
[Site "Winnipeg CAN"]
[Date "2008.05.06"]
[Round "1"]
[White "Bince, Rolando"]
[Black "Letain, Cory"]
[Result "1-0"]
[WhiteElo "1928"]
[BlackElo "1456"]
[PlyCount "51"]
[GameId "2160767910350962"]
[EventDate "2008.05.06"]
[EventType "swiss"]
[EventRounds "4"]
[EventCountry "CAN"]
[SourceTitle "EXT 2011"]
[Source "ChessBase"]
[SourceDate "2011.11.26"]
[SourceVersion "1"]
[SourceVersionDate "2011.11.26"]
[SourceQuality "1"]

1. e4 e5 2. Nf3 Nf6 3. Nc3 Nc6 4. Bc4 Bb4 5. a3 Bxc3 6. dxc3 d6 7. Bg5 Bg4 8. h3 Bh5 9. Qd3 O-O 10. g4 Bg6 11. Nd2 Na5 12. Ba2 c6 13. b4 d5 14. bxa5 Qd6 15. Bxf6 Qxf6 16. Qg3 dxe4 17. Nc4 e3 18. Nxe3 Be4 19. O-O Rad8 20. Rad1 Rxd1 21. Rxd1 Rd8 22. Rxd8+ Qxd8 23. Qxe5 Bg6 24. Nf5 Bxf5 25. Qxf5 Qd1+ 26. Kg2 1-0

[Event "Winnipeg TNT May op"]
[Site "Winnipeg CAN"]
[Date "2008.05.06"]
[Round "1"]
[White "Gibson, Fred"]
[Black "Kernetsky, Myron"]
[Result "0-1"]
[WhiteElo "1327"]
[BlackElo "1913"]
[PlyCount "42"]
[GameId "2160767910350963"]
[EventDate "2008.05.06"]
[EventType "swiss"]
[EventRounds "4"]
[EventCountry "CAN"]
[SourceTitle "EXT 2011"]
[Source "ChessBase"]
[SourceDate "2011.11.26"]
[SourceVersion "1"]
[SourceVersionDate "2011.11.26"]
[SourceQuality "1"]

1. e4 c5 2. Nc3 Nc6 3. Bc4 Nf6 4. d3 g6 5. f4 d6 6. Nf3 Bg7 7. O-O O-O 8. Be3 a6 9. a4 Ng4 10. Bd2 e6 11. h3 Nf6 12. f5 exf5 13. exf5 Bxf5 14. g4 Be6 15. Bxe6 fxe6 16. Ng5 Qd7 17. Nce4 Nxe4 18. Nxe4 Bxb2 19. Bh6 Bg7 20. Bxg7 Qxg7 21. Nxd6 Qd4+ 0-1

[Event "Winnipeg TNT May op"]
[Site "Winnipeg CAN"]
[Date "2008.05.06"]
[Round "1"]
[White "Khedkar, Jay S"]
[Black "Gibbons, Lorne"]
[Result "1-0"]
[WhiteElo "1883"]
[BlackElo "1213"]
[PlyCount "33"]
[GameId "2160767910350964"]
[EventDate "2008.05.06"]
[EventType "swiss"]
[EventRounds "4"]
[EventCountry "CAN"]
[SourceTitle "EXT 2011"]
[Source "ChessBase"]
[SourceDate "2011.11.26"]
[SourceVersion "1"]
[SourceVersionDate "2011.11.26"]
[SourceQuality "1"]

1. e4 d6 2. d4 e5 3. dxe5 dxe5 4. Qxd8+ Kxd8 5. Bc4 f6 6. Be3 Bd6 7. Nc3 Ne7 8. O-O-O a6 9. Bc5 Kd7 10. Nge2 Rd8 11. Rd2 Kc6 12. b4 b5 13. Bb3 Nd7 14. Nd5 Bxc5 15. bxc5 Ng6 16. Nxf6 Kxc5 17. Nxh7 1-0

[Event "Winnipeg TNT May op"]
[Site "Winnipeg CAN"]
[Date "2008.05.06"]
[Round "1"]
[White "Kuropatwa, Darren"]
[Black "Rutter, Blair"]
[Result "0-1"]
[WhiteElo "873"]
[BlackElo "1873"]
[PlyCount "74"]
[GameId "2160767910350965"]
[EventDate "2008.05.06"]
[EventType "swiss"]
[EventRounds "4"]
[EventCountry "CAN"]
[SourceTitle "EXT 2011"]
[Source "ChessBase"]
[SourceDate "2011.11.26"]
[SourceVersion "1"]
[SourceVersionDate "2011.11.26"]
[SourceQuality "1"]

1. e4 e6 2. Nf3 c5 3. g3 Nc6 4. Bg2 d6 5. O-O Nf6 6. Nc3 Be7 7. d4 cxd4 8. Nxd4 Nxd4 9. Qxd4 e5 10. Qd3 O-O 11. b3 Be6 12. Bb2 Rc8 13. Rad1 Nd7 14. Nb5 Nc5 15. Qf3 Qb6 16. c4 a6 17. Nc3 Bxc4 18. Nd5 Bxd5 19. exd5 Bf6 20. Qe3 Qa5 21. a3 Qb5 22. Rc1 Qxb3 23. Qd2 Nd3 24. Rxc8 Rxc8 25. Rc1 Nxc1 26. Bxc1 Qb1 27. f4 exf4 28. Qxf4 Qxc1+ 29. Qxc1 Rxc1+ 30. Kf2 Ra1 31. Ke3 Rxa3+ 32. Ke4 Ra2 33. Bf3 Rxh2 34. Bg4 g6 35. Be6 fxe6 36. dxe6 Be5 37. e7 Kf7 0-1

[Event "Winnipeg TNT May op"]
[Site "Winnipeg CAN"]
[Date "2008.05.06"]
[Round "1"]
[White "Mundwiler, Les"]
[Black "Wasserman, Leor"]
[Result "1-0"]
[WhiteElo "2085"]
[BlackElo "1491"]
[PlyCount "111"]
[GameId "2160767910350966"]
[EventDate "2008.05.06"]
[EventType "swiss"]
[EventRounds "4"]
[EventCountry "CAN"]
[SourceTitle "EXT 2011"]
[Source "ChessBase"]
[SourceDate "2011.11.26"]
[SourceVersion "1"]
[SourceVersionDate "2011.11.26"]
[SourceQuality "1"]

1. c4 e5 2. Nc3 Nf6 3. e4 Bc5 4. h3 Nc6 5. Nge2 d6 6. Ng3 O-O 7. Be2 Be6 8. d3 Nd4 9. Bg4 Qd7 10. Bxe6 Nxe6 11. Nce2 Nd4 12. O-O h6 13. Kh2 Nh7 14. f4 exf4 15. Nxf4 Ng5 16. Nfh5 f5 17. Bxg5 hxg5 18. exf5 Nxf5 19. Qg4 g6 20. Qxg5 Nxg3 21. Qxg6+ Kh8 22. Nxg3 Bd4 23. Ne4 Bg7 24. Ng5 Be5+ 25. Kh1 Qg7 26. Nf7+ Rxf7 27. Qxf7 Qg3 28. Qh5+ Kg8 29. Qg4+ Qxg4 30. hxg4 Kg7 31. Rf5 Rh8+ 32. Rh5 Rf8 33. Rb1 Rf4 34. b4 Rxg4 35. Rf1 Rd4 36. Rh3 d5 37. Rf5 Bd6 38. Rxd5 Rf4 39. Rf3 Rh4+ 40. Kg1 Bxb4 41. Rdf5 Bd6 42. c5 Bh2+ 43. Kf2 Ra4 44. Rg5+ Kh6 45. Rg8 Rxa2+ 46. Ke3 Kh7 47. Rg4 Bg1+ 48. Ke4 Ra4+ 49. Kf5 Rxg4 50. Kxg4 Kg6 51. Rf5 a5 52. Kf4 Bd4 53. c6 b6 54. Rd5 Bc5 55. Rd7 Bd6+ 56. Rxd6+ 1-0

[Event "Winnipeg TNT May op"]
[Site "Winnipeg CAN"]
[Date "2008.05.06"]
[Round "1"]
[White "Silva, T Romero"]
[Black "Lipnowski, Samuel"]
[Result "0-1"]
[WhiteElo "1815"]
[BlackElo "2282"]
[PlyCount "108"]
[GameId "2160767910350967"]
[EventDate "2008.05.06"]
[EventType "swiss"]
[EventRounds "4"]
[EventCountry "CAN"]
[SourceTitle "EXT 2011"]
[Source "ChessBase"]
[SourceDate "2011.11.26"]
[SourceVersion "1"]
[SourceVersionDate "2011.11.26"]
[SourceQuality "1"]

1. d4 c5 2. d5 f5 3. g3 Nf6 4. Bg2 d6 5. c4 g6 6. Nc3 Bg7 7. Nf3 O-O 8. O-O Na6 9. Ng5 Nc7 10. e4 h6 11. Nh3 fxe4 12. Nf4 Bf5 13. Re1 g5 14. Nh5 Nxh5 15. Qxh5 Qe8 16. Qxe8 Raxe8 17. Nxe4 b5 18. cxb5 Nxb5 19. Be3 Nd4 20. Rac1 Bg4 21. Nc3 Nf3+ 22. Bxf3 Bxf3 23. Nb5 Rb8 24. a4 Bxd5 25. Nxa7 Bxb2 26. Rb1 Bc3 27. Rec1 Bf6 28. Nb5 Bc6 29. h4 Kf7 30. Rc4 gxh4 31. Bxh6 Rh8 32. Rf4 Bxb5 33. axb5 Rxh6 34. g4 h3 35. b6 Kg6 36. Ra4 Rhh8 37. b7 d5 38. f4 c4 39. Ra6 Kf7 40. g5 Bd4+ 41. Kh1 c3 42. Rc6 Rhd8 43. f5 Rd7 44. Rd1 Bg7 45. g6+ Ke8 46. Rc8+ Rd8 47. Rc7 d4 48. Re1 Bf6 49. Re6 c2 50. Rxc2 Rxb7 51. Rf2 d3 52. Re1 Bh4 53. f6 Bxf2 54. f7+ Kf8 0-1

[Event "Winnipeg TNT May op"]
[Site "Winnipeg CAN"]
[Date "2008.05.06"]
[Round "1"]
[White "Wasserman, Arie"]
[Black "Nikouline, Alexandre"]
[Result "0-1"]
[WhiteElo "1633"]
[BlackElo "2123"]
[PlyCount "76"]
[GameId "2160767910350968"]
[EventDate "2008.05.06"]
[EventType "swiss"]
[EventRounds "4"]
[EventCountry "CAN"]
[SourceTitle "EXT 2011"]
[Source "ChessBase"]
[SourceDate "2011.11.26"]
[SourceVersion "1"]
[SourceVersionDate "2011.11.26"]
[SourceQuality "1"]

1. e4 c5 2. Nf3 e6 3. Bb5 g6 4. Nc3 Bg7 5. O-O Qc7 6. d3 Ne7 7. Be3 a6 8. Ba4 b5 9. Bb3 c4 10. dxc4 bxc4 11. Ba4 Qa5 12. Bd4 e5 13. Be3 O-O 14. Qd6 Nbc6 15. Bxc6 Nxc6 16. Nd5 Re8 17. Nc7 Bf8 18. Bd2 Bxd6 19. Bxa5 Bxc7 20. Bxc7 Nd4 21. Nxe5 Nb5 22. Nxc4 Nxc7 23. f3 d5 24. Nd6 Re6 25. Nxc8 Rxc8 26. exd5 Nxd5 27. c3 Rb8 28. Rab1 Re2 29. c4 Ne3 30. Rf2 Rbxb2 31. Rxe2 Rxe2 32. c5 Rxg2+ 33. Kh1 Rc2 34. Re1 Nf5 35. Re8+ Kg7 36. Ra8 Rxa2 37. c6 Rc2 38. Rxa6 Nd4 0-1

[Event "Winnipeg TNT May op"]
[Site "Winnipeg CAN"]
[Date "2008.05.13"]
[Round "2"]
[White "Gibbons, Lorne"]
[Black "Trueman, Francis"]
[Result "0-1"]
[WhiteElo "1213"]
[BlackElo "1462"]
[PlyCount "64"]
[GameId "2160767910350969"]
[EventDate "2008.05.06"]
[EventType "swiss"]
[EventRounds "4"]
[EventCountry "CAN"]
[SourceTitle "EXT 2011"]
[Source "ChessBase"]
[SourceDate "2011.11.26"]
[SourceVersion "1"]
[SourceVersionDate "2011.11.26"]
[SourceQuality "1"]

1. d4 Nf6 2. c4 d6 3. Nc3 g6 4. e4 Nbd7 5. Bg5 Bg7 6. Be2 O-O 7. g4 e5 8. d5 a5 9. h4 Nc5 10. f3 h6 11. Be3 Nfd7 12. Qd2 Kh7 13. O-O-O a4 14. Rf1 Ra6 15. Nh3 Rb6 16. g5 h5 17. Kc2 c6 18. Rb1 Nb8 19. Bxc5 dxc5 20. Nxa4 Ra6 21. Nc3 cxd5 22. cxd5 Rb6 23. Na4 Rd6 24. Nxc5 Qb6 25. Na4 Qa7 26. Qb4 Rfd8 27. Nc3 Bd7 28. Qa3 Qb6 29. Qb3 Qa7 30. a3 Rc8 31. Qa2 Qe3 32. Rh2 Ba4+ 0-1

[Event "Winnipeg TNT May op"]
[Site "Winnipeg CAN"]
[Date "2008.05.13"]
[Round "2"]
[White "Gibson, Fred"]
[Black "Wasserman, Arie"]
[Result "0-1"]
[WhiteElo "1327"]
[BlackElo "1633"]
[PlyCount "52"]
[GameId "2160767910350970"]
[EventDate "2008.05.06"]
[EventType "swiss"]
[EventRounds "4"]
[EventCountry "CAN"]
[SourceTitle "EXT 2011"]
[Source "ChessBase"]
[SourceDate "2011.11.26"]
[SourceVersion "1"]
[SourceVersionDate "2011.11.26"]
[SourceQuality "1"]

1. e4 e5 2. Nf3 Nc6 3. Bb5 Bc5 4. Nxe5 Nxe5 5. d4 c6 6. Be2 Bd6 7. dxe5 Bxe5 8. f4 Bc7 9. O-O Nf6 10. Nc3 O-O 11. Be3 d6 12. f5 Bb6 13. Qd2 Re8 14. Bd3 d5 15. Kh1 d4 16. Bg1 dxc3 17. Qxc3 Bxg1 18. Rxg1 Nxe4 19. Bxe4 Rxe4 20. Rad1 Qg5 21. Qd3 Bxf5 22. Qf3 Rae8 23. Rdf1 Bg6 24. Rf2 Re1 25. Rff1 Rxf1 26. Rxf1 Qf5 0-1

[Event "Winnipeg TNT May op"]
[Site "Winnipeg CAN"]
[Date "2008.05.13"]
[Round "2"]
[White "Kernetsky, Myron"]
[Black "Mundwiler, Les"]
[Result "1-0"]
[WhiteElo "1913"]
[BlackElo "2085"]
[PlyCount "83"]
[GameId "2160767910350971"]
[EventDate "2008.05.06"]
[EventType "swiss"]
[EventRounds "4"]
[EventCountry "CAN"]
[SourceTitle "EXT 2011"]
[Source "ChessBase"]
[SourceDate "2011.11.26"]
[SourceVersion "1"]
[SourceVersionDate "2011.11.26"]
[SourceQuality "1"]

1. d4 Nf6 2. c4 d6 3. Nc3 Nbd7 4. e4 e5 5. Nf3 c6 6. Be2 a5 7. O-O h6 8. Rb1 Be7 9. b3 Qc7 10. Ba3 exd4 11. Nxd4 Nc5 12. Qc2 g6 13. Bc1 Ne6 14. Be3 Nxd4 15. Bxd4 O-O 16. Qd2 Kh7 17. f4 Ng8 18. f5 Bd7 19. Rf2 Rae8 20. Rbf1 gxf5 21. exf5 Bg5 22. Qd3 c5 23. Nd5 Qd8 24. f6+ Kh8 25. Be3 Re5 26. Bxg5 hxg5 27. Bd1 g4 28. Qg3 Rh5 29. Bxg4 Rh7 30. Bf5 Bxf5 31. Rxf5 Nh6 32. Rh5 Rg8 33. Qf4 Rg4 34. Qe3 Qf8 35. Rf4 Rxf4 36. Qxf4 Ng8 37. Rxh7+ Kxh7 38. h3 Nh6 39. Qe4+ Kh8 40. Qh4 Kh7 41. g4 Qg8 42. g5 1-0

[Event "Winnipeg TNT May op"]
[Site "Winnipeg CAN"]
[Date "2008.05.13"]
[Round "2"]
[White "Letain, Cory"]
[Black "Silva, T Romero"]
[Result "0-1"]
[WhiteElo "1456"]
[BlackElo "1815"]
[PlyCount "70"]
[GameId "2160767910350972"]
[EventDate "2008.05.06"]
[EventType "swiss"]
[EventRounds "4"]
[EventCountry "CAN"]
[SourceTitle "EXT 2011"]
[Source "ChessBase"]
[SourceDate "2011.11.26"]
[SourceVersion "1"]
[SourceVersionDate "2011.11.26"]
[SourceQuality "1"]

1. d4 Nf6 2. c4 e6 3. Nf3 d5 4. e3 c6 5. a3 Nbd7 6. Nc3 Be7 7. Bd3 O-O 8. O-O Re8 9. Qc2 Nf8 10. c5 Qc7 11. b4 g6 12. Bb2 N8d7 13. Rfe1 Bf8 14. h3 Bg7 15. b5 e5 16. dxe5 Nxe5 17. Nxe5 Rxe5 18. b6 axb6 19. cxb6 Qb8 20. Na4 Re8 21. Nc5 Qd6 22. Bxf6 Bxf6 23. Ra2 Ra5 24. Nb3 Rxa3 25. Rxa3 Qxa3 26. e4 dxe4 27. Bxe4 Qb4 28. Re3 Bg5 29. Rg3 Qe1+ 30. Kh2 Bf4 31. Nc5 Qb4 32. Bf3 Qxb6 33. Ne4 Bxg3+ 34. fxg3 Qd4 35. Ng5 Re1 0-1

[Event "Winnipeg TNT May op"]
[Site "Winnipeg CAN"]
[Date "2008.05.13"]
[Round "2"]
[White "Lipnowski, Samuel"]
[Black "Bince, Rolando"]
[Result "1-0"]
[WhiteElo "2282"]
[BlackElo "1928"]
[PlyCount "103"]
[GameId "2160767910350973"]
[EventDate "2008.05.06"]
[EventType "swiss"]
[EventRounds "4"]
[EventCountry "CAN"]
[SourceTitle "EXT 2011"]
[Source "ChessBase"]
[SourceDate "2011.11.26"]
[SourceVersion "1"]
[SourceVersionDate "2011.11.26"]
[SourceQuality "1"]

1. e4 c6 2. d4 d5 3. e5 Bf5 4. Nf3 e6 5. Be2 Bb4+ 6. c3 Ba5 7. O-O Ne7 8. Bg5 h6 9. Be3 b5 10. b4 Bb6 11. a4 O-O 12. axb5 cxb5 13. Bxb5 Nbc6 14. Bd3 Bg4 15. h3 Bh5 16. Nbd2 Rc8 17. Qb3 Nf5 18. g4 Nxe3 19. fxe3 Bg6 20. Bxg6 fxg6 21. Kg2 Qe7 22. Qb1 g5 23. Qd3 Rc7 24. Ng1 Rfc8 25. Ne2 a5 26. b5 Nd8 27. Rf3 Nf7 28. Raf1 Nh8 29. Ra1 Qe8 30. Rff1 Ng6 31. Nf3 Rc4 32. Kh1 Ne7 33. Nd2 R4c7 34. e4 Qg6 35. Qf3 Qe8 36. exd5 exd5 37. Qd3 Ng6 38. Nb3 Nf4 39. Nxf4 Rxc3 40. Qg6 gxf4 41. Qxe8+ Rxe8 42. Nxa5 Rxh3+ 43. Kg2 Rg3+ 44. Kh2 Rxg4 45. Nc6 Re6 46. Ra6 Kh7 47. Rg1 Rh4+ 48. Kg2 f3+ 49. Kxf3 Bxd4 50. Nxd4 Rxe5 51. Ra7 Rh3+ 52. Rg3 1-0

[Event "Winnipeg TNT May op"]
[Site "Winnipeg CAN"]
[Date "2008.05.13"]
[Round "2"]
[White "Nikouline, Alexandre"]
[Black "Khedkar, Jay S"]
[Result "1-0"]
[WhiteElo "2123"]
[BlackElo "1883"]
[PlyCount "45"]
[GameId "2160767910350974"]
[EventDate "2008.05.06"]
[EventType "swiss"]
[EventRounds "4"]
[EventCountry "CAN"]
[SourceTitle "EXT 2011"]
[Source "ChessBase"]
[SourceDate "2011.11.26"]
[SourceVersion "1"]
[SourceVersionDate "2011.11.26"]
[SourceQuality "1"]

1. e4 c5 2. Nf3 Nc6 3. d4 cxd4 4. Nxd4 Nf6 5. Nc3 e5 6. Ndb5 d6 7. Bg5 a6 8. Na3 Be7 9. Bxf6 Bxf6 10. Nc4 Nd4 11. Nd5 b5 12. Ncb6 Rb8 13. c3 Ne6 14. Nxc8 Rxc8 15. a4 bxa4 16. Qxa4+ Kf8 17. Bxa6 Nc5 18. Qd1 Ra8 19. Bc4 Rxa1 20. Qxa1 Nxe4 21. Qa7 g6 22. Nxf6 Qxf6 23. Qa8+ 1-0

[Event "Winnipeg TNT May op"]
[Site "Winnipeg CAN"]
[Date "2008.05.13"]
[Round "2"]
[White "Rutter, Blair"]
[Black "Evans, Brian"]
[Result "1-0"]
[WhiteElo "1873"]
[BlackElo "1557"]
[PlyCount "39"]
[GameId "2160767910350975"]
[EventDate "2008.05.06"]
[EventType "swiss"]
[EventRounds "4"]
[EventCountry "CAN"]
[SourceTitle "EXT 2011"]
[Source "ChessBase"]
[SourceDate "2011.11.26"]
[SourceVersion "1"]
[SourceVersionDate "2011.11.26"]
[SourceQuality "1"]

1. c4 Nf6 2. g3 e6 3. Bg2 d5 4. e3 c5 5. Ne2 Nc6 6. cxd5 exd5 7. O-O Bd6 8. Nbc3 Be6 9. h3 Qd7 10. Kh2 a6 11. d4 c4 12. a3 O-O 13. f3 Na5 14. e4 dxe4 15. fxe4 Nh5 16. d5 Qc7 17. dxe6 fxe6 18. Nf4 Rad8 19. Qxh5 Qe7 20. Qxa5 1-0

[Event "Winnipeg TNT May op"]
[Site "Winnipeg CAN"]
[Date "2008.05.13"]
[Round "2"]
[White "Schulz, Waldemar"]
[Black "Babb, Jeff"]
[Result "0-1"]
[WhiteElo "2056"]
[BlackElo "2172"]
[PlyCount "82"]
[GameId "2160767910350976"]
[EventDate "2008.05.06"]
[EventType "swiss"]
[EventRounds "4"]
[EventCountry "CAN"]
[SourceTitle "EXT 2011"]
[Source "ChessBase"]
[SourceDate "2011.11.26"]
[SourceVersion "1"]
[SourceVersionDate "2011.11.26"]
[SourceQuality "1"]

1. d4 Nf6 2. c4 c5 3. d5 b5 4. cxb5 a6 5. b6 g6 6. Nc3 Bg7 7. e4 d6 8. Nf3 Nbd7 9. Be2 O-O 10. O-O Qxb6 11. Rb1 a5 12. h3 Ba6 13. Be3 Bxe2 14. Qxe2 Qa6 15. Rfe1 Rfb8 16. Nd2 Qxe2 17. Rxe2 a4 18. f4 Rb4 19. a3 Rb7 20. Nc4 Nh5 21. Rc2 Bxc3 22. Rxc3 Ng3 23. Re1 Nxe4 24. Rd3 f5 25. Bf2 Ndf6 26. Bh4 Kf7 27. Kf1 Rab8 28. g4 Rb3 29. Rxb3 Rxb3 30. Ne3 Rxe3 31. Rxe3 Nxd5 32. Re2 Nxf4 33. Rh2 c4 34. Be1 e5 35. Ba5 Ke6 36. gxf5+ gxf5 37. Ke1 d5 38. Kd1 d4 39. Bb6 h5 40. h4 Kd5 41. Bd8 Nd3 0-1

[Event "Winnipeg TNT May op"]
[Site "Winnipeg CAN"]
[Date "2008.05.13"]
[Round "2"]
[White "Wasserman, Leor"]
[Black "Kuropatwa, Darren"]
[Result "1-0"]
[WhiteElo "1491"]
[BlackElo "873"]
[PlyCount "55"]
[GameId "2160767910350977"]
[EventDate "2008.05.06"]
[EventType "swiss"]
[EventRounds "4"]
[EventCountry "CAN"]
[SourceTitle "EXT 2011"]
[Source "ChessBase"]
[SourceDate "2011.11.26"]
[SourceVersion "1"]
[SourceVersionDate "2011.11.26"]
[SourceQuality "1"]

1. e4 c5 2. Nf3 d6 3. d4 Nd7 4. dxc5 dxc5 5. Bc4 Ngf6 6. Nc3 g6 7. Bf4 Bg7 8. O-O O-O 9. Qd2 Qa5 10. Rfe1 Ng4 11. Nd5 Qd8 12. c3 e6 13. Nc7 Rb8 14. Nxe6 fxe6 15. Bxe6+ Kh8 16. Bxg4 Ne5 17. Nxe5 Qxd2 18. Bxd2 Bxg4 19. Nxg4 Rbd8 20. Bg5 Rd7 21. Rad1 Rff7 22. e5 h6 23. Bf6 h5 24. Bxg7+ Rxg7 25. Rxd7 Rxd7 26. Nf6 Rd2 27. e6 Kg7 28. e7 1-0

[Event "Winnipeg TNT May op"]
[Site "Winnipeg CAN"]
[Date "2008.05.20"]
[Round "3"]
[White "Babb, Jeff"]
[Black "Rutter, Blair"]
[Result "1-0"]
[WhiteElo "2172"]
[BlackElo "1873"]
[PlyCount "151"]
[GameId "2160767910350978"]
[EventDate "2008.05.06"]
[EventType "swiss"]
[EventRounds "4"]
[EventCountry "CAN"]
[SourceTitle "EXT 2011"]
[Source "ChessBase"]
[SourceDate "2011.11.26"]
[SourceVersion "1"]
[SourceVersionDate "2011.11.26"]
[SourceQuality "1"]

1. e4 e6 2. d3 d5 3. Nd2 c5 4. Ngf3 Nc6 5. g3 Nf6 6. Bg2 Bd6 7. O-O O-O 8. Nh4 Bd7 9. f4 dxe4 10. Nc4 Be7 11. dxe4 Qc7 12. c3 Rad8 13. a4 a6 14. Ne3 Na5 15. Qc2 c4 16. Nf3 Nb3 17. Ra2 Bc5 18. Kh1 Bc6 19. Nxc4 Nxc1 20. Qxc1 Nxe4 21. b3 f6 22. Re2 b5 23. axb5 axb5 24. Nb2 Rd7 25. Qc2 Qb7 26. Nd3 Be7 27. Nfe5 fxe5 28. Nxe5 Nxg3+ 29. hxg3 Bxg2+ 30. Rxg2 Rd5 31. Qe4 Qc7 32. Rh2 h6 33. Ng4 Rf7 34. Qxe6 Rd6 35. Qe3 Qb7+ 36. Qf3 Qxf3+ 37. Rxf3 Rd1+ 38. Kg2 Bc5 39. Ne5 Ra7 40. Kh3 Bd6 41. Rd3 Rxd3 42. Nxd3 Rc7 43. Rc2 g5 44. fxg5 hxg5 45. Kg4 Rd7 46. Nf2 Bc7 47. Ne4 Rd3 48. Kxg5 Bxg3 49. Nxg3 Rxg3+ 50. Kf4 Rg7 51. Ke4 Kf8 52. Kd5 Ke8 53. Kc5 Rg5+ 54. Kb6 Kd7 55. b4 Kc8 56. Rd2 Re5 57. Rd6 Rf5 58. Rc6+ Kb8 59. Rh6 Kc8 60. Rc6+ Kb8 61. Rc5 Rf8 62. Kxb5 Kb7 63. Rh5 Rb8 64. Ka4 Ra8+ 65. Kb3 Ra1 66. Rh7+ Kc6 67. Rh6+ Kb7 68. c4 Rb1+ 69. Ka4 Ra1+ 70. Kb5 Rc1 71. Rh7+ Kc8 72. c5 Re1 73. Kb6 Re8 74. c6 Kb8 75. Rb7+ Kc8 76. Ra7 1-0